[Event "17. Europa ch Juvenil - Masculino s14"]
[Site "Sibenik CRO"]
[Date "2007.09.14"]
[Round "1.28"]
[White "Orava, Aleksander"]
[Black "Firat, Burak"]
[Result "0-1"]
[WhiteElo "1746"]
[BlackElo "2113"]
[PlyCount "76"]
[EventDate "2007.09.14"]
[EventType "swiss"]
[EventRounds "9"]
[EventCountry "CRO"]
[Source "lmi"]
[SourceDate "2007.09.14"]

1. e4 c5 2. Nf3 e6 3. d4 cxd4 4. Nxd4 a6 5. Bd3 Nf6 6. O-O Qc7 7. Re1 d6 8. b3
Be7 9. Bb2 O-O 10. c4 Nbd7 11. Nc3 b6 12. Rc1 Bb7 13. Bb1 Rac8 14. Kh1 Qb8 15.
f4 Rfe8 16. f5 Bf8 17. fxe6 fxe6 18. Nde2 d5 19. Ng3 dxc4 20. Na4 Qf4 21. e5
Qf2 22. Rg1 c3 23. Bxc3 Nd5 24. Be1 Rxc1 25. Qxc1 Qd4 26. Qc2 g6 27. Bf2 Qxe5
28. Re1 Qg7 29. Ne4 b5 30. Nb2 Bb4 31. Rd1 Rc8 32. Qe2 Rf8 33. Nd3 Be7 34. Nd6
Bxd6 35. Qxe6+ Qf7 36. Qxd6 Nc3 37. Rf1 Bxg2+ 38. Kxg2 Qf3+ 0-1

[Event "17. Europa ch Juvenil - Masculino s14"]
[Site "Sibenik CRO"]
[Date "2007.09.15"]
[Round "2.1"]
[White "Sjugirov, Sanan"]
[Black "Kovalev, Vladislav"]
[Result "1-0"]
[WhiteElo "2407"]
[BlackElo "2154"]
[PlyCount "92"]
[EventDate "2007.09.14"]
[EventType "swiss"]
[EventRounds "9"]
[EventCountry "CRO"]
[Source "lmi"]
[SourceDate "2007.09.14"]

1. e4 e5 2. Nf3 Nc6 3. Bb5 a6 4. Ba4 Nf6 5. O-O Be7 6. Re1 b5 7. Bb3 d6 8. c3
O-O 9. h3 Na5 10. Bc2 c5 11. d4 Qc7 12. d5 Bd7 13. b3 Nb7 14. Nbd2 a5 15. a4 c4
16. bxc4 bxa4 17. Bxa4 Bxa4 18. Qxa4 Nc5 19. Qc2 Rfb8 20. Ba3 Ra7 21. Ra2 Rab7
22. Rea1 Bd8 23. Bxc5 Qxc5 24. Ne1 Nd7 25. Nd3 Qc7 26. Rxa5 Qxa5 27. Rxa5 Bxa5
28. c5 Nxc5 29. Nxc5 Rb2 30. Qd3 dxc5 31. Nc4 Ra2 32. d6 Bd8 33. g3 h6 34. Qd5
Bf6 35. Qxc5 Ra1+ 36. Kg2 Rd1 37. Ne3 Rd2 38. Qc7 Rbb2 39. Ng4 h5 40. Qc8+ Kh7
41. Qf5+ Kg8 42. Nxf6+ gxf6 43. Qxf6 Rbc2 44. c4 Rd3 45. Qg5+ Kf8 46. Qxe5 Rdc3
1-0

[Event "17. Europa ch Juvenil - Masculino s14"]
[Site "Sibenik CRO"]
[Date "2007.09.15"]
[Round "2.2"]
[White "Toropov, Pavel"]
[Black "Arribas Lopez, Angel"]
[Result "0-1"]
[WhiteElo "2153"]
[BlackElo "2292"]
[PlyCount "70"]
[EventDate "2007.09.14"]
[EventType "swiss"]
[EventRounds "9"]
[EventCountry "CRO"]
[Source "lmi"]
[SourceDate "2007.09.14"]

1. e4 c5 2. Nf3 d6 3. Bb5+ Nc6 4. O-O Bd7 5. Re1 a6 6. Bf1 Bg4 7. c3 g6 8. d3
Bg7 9. Nbd2 e5 10. h3 Be6 11. g4 h6 12. Bg2 Nge7 13. Nf1 O-O 14. g5 h5 15. Be3
Qd7 16. Kh2 b6 17. d4 exd4 18. cxd4 cxd4 19. Nxd4 Be5+ 20. Kg1 Bxh3 21. Nxc6
Nxc6 22. Bxh3 Qxh3 23. f4 Bxb2 24. Rb1 Bc3 25. Re2 Qg4+ 26. Kh2 Nd4 27. Rf2
Qxd1 28. Rxd1 Ne6 29. Rxd6 b5 30. Kh3 Rfd8 31. Rc6 Rd3 32. Kh4 Be1 33. f5 Rxe3
34. Nxe3 Bxf2+ 35. Kh3 Nxg5+ 0-1

[Event "17. Europa ch Juvenil - Masculino s14"]
[Site "Sibenik CRO"]
[Date "2007.09.15"]
[Round "2.3"]
[White "Swiercz, Dariusz"]
[Black "Raznikov, Danny"]
[Result "1-0"]
[WhiteElo "2281"]
[BlackElo "2154"]
[PlyCount "101"]
[EventDate "2007.09.14"]
[EventType "swiss"]
[EventRounds "9"]
[EventCountry "CRO"]
[Source "lmi"]
[SourceDate "2007.09.14"]

1. d4 Nf6 2. Nf3 c5 3. c4 cxd4 4. Nxd4 e6 5. Nc3 Nc6 6. a3 Be7 7. e4 d6 8. Be2
O-O 9. Be3 Nxd4 10. Qxd4 Bd7 11. O-O Bc6 12. b4 b6 13. Rfd1 Qc8 14. Rac1 Qb7
15. f3 Rfd8 16. Kh1 Rac8 17. Qd2 Qb8 18. Bd4 Kh8 19. Qb2 Ne8 20. Rc2 Bg5 21. a4
h5 22. Qa3 h4 23. a5 h3 24. g3 Bf6 25. Be3 Qa8 26. Bf1 Bxc3 27. Rxc3 f5 28.
Bxh3 fxe4 29. f4 d5 30. cxd5 Bxd5 31. axb6 Rxc3 32. Qxc3 axb6 33. Kg1 b5 34.
Ra1 Qb8 35. Qe5 Qxe5 36. fxe5 Rd7 37. Ra6 Kg8 38. Rxe6 Bxe6 39. Bxe6+ Rf7 40.
Bf4 Kf8 41. Bxf7 Kxf7 42. Kf2 Ke6 43. Ke3 Kd5 44. e6 g6 45. e7 Ng7 46. g4 Ne8
47. h4 Ng7 48. Bh6 Ne8 49. Bg5 Ke5 50. h5 Ng7 51. h6 1-0

[Event "17. Europa ch Juvenil - Masculino s14"]
[Site "Sibenik CRO"]
[Date "2007.09.15"]
[Round "2.4"]
[White "Graf, Felix"]
[Black "Dubessay, Bastien"]
[Result "1-0"]
[WhiteElo "2273"]
[BlackElo "2117"]
[PlyCount "89"]
[EventDate "2007.09.14"]
[EventType "swiss"]
[EventRounds "9"]
[EventCountry "CRO"]
[Source "lmi"]
[SourceDate "2007.09.14"]

1. d4 Nf6 2. c4 g6 3. Nc3 Bg7 4. e4 d6 5. f3 O-O 6. Be3 c5 7. Nge2 Nc6 8. d5
Ne5 9. Ng3 e6 10. Be2 exd5 11. cxd5 h5 12. O-O Nh7 13. Qd2 h4 14. Nh1 f5 15.
Nf2 Bd7 16. f4 Nf7 17. e5 dxe5 18. Bxc5 Re8 19. d6 b6 20. Ba3 e4 21. Nfd1 Bf8
22. Ne3 a6 23. Rac1 Ra7 24. Rfd1 Be6 25. Nc4 b5 26. Qd4 Rd7 27. Ne5 Bg7 28. Nd5
Bxd5 29. Qxd5 Bxe5 30. fxe5 Rxe5 31. Qc6 h3 32. g3 Re8 33. Qxa6 Qg5 34. Qxb5
Qe3+ 35. Kf1 Nf6 36. Bc5 Qh6 37. Bd4 Nxd6 38. Qa4 Rf7 39. Bxf6 Rxf6 40. Rc6
Ree6 41. Bc4 Nxc4 42. Qxc4 Qh5 43. Rc8+ Kg7 44. Rd7+ Rf7 45. Qd4+ 1-0

[Event "17. Europa ch Juvenil - Masculino s14"]
[Site "Sibenik CRO"]
[Date "2007.09.15"]
[Round "2.5"]
[White "Szabo, Bence"]
[Black "Urkedal, Frode"]
[Result "1/2-1/2"]
[WhiteElo "2131"]
[BlackElo "2235"]
[PlyCount "51"]
[EventDate "2007.09.14"]
[EventType "swiss"]
[EventRounds "9"]
[EventCountry "CRO"]
[Source "lmi"]
[SourceDate "2007.09.14"]

1. d4 Nf6 2. c4 e6 3. Nc3 Bb4 4. Qc2 O-O 5. a3 Bxc3+ 6. Qxc3 b6 7. Bg5 Bb7 8.
f3 d6 9. e4 c5 10. dxc5 bxc5 11. Rd1 Nc6 12. Bxf6 gxf6 13. Ne2 Qe7 14. g3 Rad8
15. Bg2 d5 16. cxd5 exd5 17. Nf4 Ne5 18. O-O d4 19. Qc1 Kh8 20. Nd5 Bxd5 21.
exd5 c4 22. Rxd4 Qc5 23. Qf4 Rxd5 24. Qxf6+ Kg8 25. Qg5+ Kh8 26. Qf6+ 1/2-1/2

[Event "17. Europa ch Juvenil - Masculino s14"]
[Site "Sibenik CRO"]
[Date "2007.09.15"]
[Round "2.6"]
[White "Kanarek, Marcel"]
[Black "Nikolashvili, Giorgi"]
[Result "1-0"]
[WhiteElo "2226"]
[BlackElo "2103"]
[PlyCount "67"]
[EventDate "2007.09.14"]
[EventType "swiss"]
[EventRounds "9"]
[EventCountry "CRO"]
[Source "lmi"]
[SourceDate "2007.09.14"]

1. e4 c5 2. Nf3 d6 3. d4 cxd4 4. Nxd4 Nf6 5. Nc3 Nc6 6. Bg5 e6 7. Qd2 Be7 8.
O-O-O O-O 9. f4 Nxd4 10. Qxd4 Qa5 11. Kb1 Rd8 12. Be2 Bd7 13. Qe3 Bc6 14. Bf3
Rac8 15. g4 b5 16. Ne2 b4 17. Bxf6 Bxf6 18. g5 Be7 19. Nd4 Qc5 20. Qd3 Bb7 21.
h4 Qc4 22. Qd2 a5 23. h5 a4 24. f5 e5 25. f6 exd4 26. fxe7 Re8 27. h6 b3 28.
cxb3 axb3 29. Rc1 bxa2+ 30. Ka1 Qa4 31. Rxc8 Bxc8 32. hxg7 h5 33. Qh2 Qc4 34.
Qxh5 1-0

[Event "17. Europa ch Juvenil - Masculino s14"]
[Site "Sibenik CRO"]
[Date "2007.09.15"]
[Round "2.7"]
[White "Firat, Burak"]
[Black "Urjubdshzirov, Erdni"]
[Result "1-0"]
[WhiteElo "2113"]
[BlackElo "2220"]
[PlyCount "63"]
[EventDate "2007.09.14"]
[EventType "swiss"]
[EventRounds "9"]
[EventCountry "CRO"]
[Source "lmi"]
[SourceDate "2007.09.14"]

1. e4 c5 2. Nf3 e6 3. d4 cxd4 4. Nxd4 Nc6 5. Nc3 Qc7 6. Be3 a6 7. Bd3 b5 8.
Nxc6 Qxc6 9. O-O Bb7 10. Qd2 Nf6 11. f3 Bc5 12. Kh1 b4 13. Ne2 d5 14. e5 Nd7
15. Bxc5 Qxc5 16. Qg5 g6 17. f4 Qe7 18. Qg4 Nc5 19. Nd4 Ne4 20. Qe2 Qc5 21. Nb3
Qb6 22. Bxe4 dxe4 23. Nd2 Qd4 24. Nc4 Bd5 25. Nd6+ Ke7 26. c4 bxc3 27. bxc3
Qxc3 28. Rac1 Qa5 29. Qf2 f6 30. Rc5 Qxa2 31. Rc7+ Kf8 32. Qh4 1-0

[Event "17. Europa ch Juvenil - Masculino s14"]
[Site "Sibenik CRO"]
[Date "2007.09.15"]
[Round "2.9"]
[White "Nestorovic, Lazar"]
[Black "Lagarde, Maxime"]
[Result "1/2-1/2"]
[WhiteElo "2086"]
[BlackElo "2200"]
[PlyCount "101"]
[EventDate "2007.09.14"]
[EventType "swiss"]
[EventRounds "9"]
[EventCountry "CRO"]
[Source "lmi"]
[SourceDate "2007.09.14"]

1. e4 c5 2. Nf3 d6 3. d4 cxd4 4. Nxd4 Nf6 5. Nc3 a6 6. f3 e6 7. Be3 b5 8. Qd2
Bb7 9. O-O-O Nbd7 10. g4 Nb6 11. g5 Nfd7 12. a3 Rc8 13. h4 Ne5 14. Kb1 Nbc4 15.
Bxc4 Nxc4 16. Qd3 Ne5 17. Qe2 Rxc3 18. bxc3 Nc4 19. Bc1 d5 20. f4 Bxa3 21. exd5
Bxd5 22. f5 e5 23. Nc6 Qd6 24. Nxe5 O-O 25. Rxd5 Qxd5 26. Rd1 Qxe5 27. Qxe5
Nxe5 28. Bxa3 Rc8 29. Rd6 a5 30. Rd5 Nc4 31. Bc1 b4 32. cxb4 axb4 33. Rb5 Nd6
34. Rxb4 Nxf5 35. Kb2 Kf8 36. Rf4 g6 37. c4 Ke7 38. Re4+ Kd7 39. Kc3 Rb8 40.
Bd2 Kc6 41. Bc1 Ra8 42. Rf4 Nd6 43. Kc2 Ra1 44. Bd2 Ra5 45. Kc3 Nf5 46. Kd3 Ra7
47. Rg4 Kc5 48. Rf4 Rd7+ 49. Kc3 Re7 50. Kd3 Re8 51. h5 1/2-1/2

[Event "17. Europa ch Juvenil - Masculino s14"]
[Site "Sibenik CRO"]
[Date "2007.09.15"]
[Round "2.10"]
[White "Aghasaryan, Robert"]
[Black "Braun, Marek"]
[Result "1-0"]
[WhiteElo "2198"]
[BlackElo "2081"]
[PlyCount "81"]
[EventDate "2007.09.14"]
[EventType "swiss"]
[EventRounds "9"]
[EventCountry "CRO"]
[Source "lmi"]
[SourceDate "2007.09.14"]

1. d4 d5 2. c4 c6 3. cxd5 cxd5 4. Bf4 Nf6 5. e3 e6 6. Bd3 Bd6 7. Bxd6 Qxd6 8.
Nc3 O-O 9. f4 Bd7 10. Nf3 Nc6 11. O-O Ne8 12. Ne5 f6 13. Nxd7 Qxd7 14. f5 Nd6
15. fxe6 Qxe6 16. Qf3 Nb4 17. Rad1 Rfe8 18. Bb1 Nc4 19. a3 Na6 20. Nxd5 Rad8
21. Ba2 b5 22. Nc3 Kh8 23. Rfe1 Qb6 24. Bxc4 bxc4 25. Qf2 Nc7 26. e4 Ne6 27.
Nd5 Qb3 28. Rd2 Ng5 29. Nc3 Qb7 30. Qe2 Qb6 31. Qxc4 f5 32. e5 Ne6 33. Red1 Ng5
34. Kh1 f4 35. Qe2 Rf8 36. Rd3 Ne6 37. d5 Nc5 38. Rf3 Nb3 39. Qf2 Qh6 40. Qc2
Nc5 41. Rh3 1-0

[Event "17. Europa ch Juvenil - Masculino s14"]
[Site "Sibenik CRO"]
[Date "2007.09.15"]
[Round "2.12"]
[White "Dragomirescu, Robin-Alexandru"]
[Black "Donskov, Anatoly"]
[Result "1-0"]
[WhiteElo "2189"]
[BlackElo "2061"]
[PlyCount "43"]
[EventDate "2007.09.14"]
[EventType "swiss"]
[EventRounds "9"]
[EventCountry "CRO"]
[Source "lmi"]
[SourceDate "2007.09.14"]

1. e4 e6 2. d4 d5 3. Nc3 Bb4 4. e5 c5 5. a3 Bxc3+ 6. bxc3 Ne7 7. Qg4 Qc7 8.
Qxg7 Rg8 9. Qxh7 cxd4 10. Ne2 Nbc6 11. f4 Bd7 12. Qd3 dxc3 13. Rb1 O-O-O 14.
Qxc3 Nf5 15. Rg1 d4 16. Qc5 Be8 17. g4 Nh4 18. Rg3 b6 19. Qc4 Kb7 20. Bd2 Rd5
21. Nc1 Rc5 22. Qxc5 1-0

[Event "17. Europa ch Juvenil - Masculino s14"]
[Site "Sibenik CRO"]
[Date "2007.09.15"]
[Round "2.13"]
[White "Pavlidis, Antonios"]
[Black "Okun, Evgeny"]
[Result "1-0"]
[WhiteElo "2175"]
[BlackElo "2051"]
[PlyCount "35"]
[EventDate "2007.09.14"]
[EventType "swiss"]
[EventRounds "9"]
[EventCountry "CRO"]
[Source "lmi"]
[SourceDate "2007.09.14"]

1. e4 c5 2. Nf3 Nc6 3. Bb5 g6 4. Bxc6 dxc6 5. d3 Bg7 6. O-O Nf6 7. Nc3 h6 8.
Ne1 e5 9. f4 exf4 10. Bxf4 Qe7 11. Qd2 Nd7 12. Nf3 Ne5 13. Rae1 Bg4 14. Bxe5
Bxe5 15. Nd5 cxd5 16. Nxe5 Bc8 17. exd5 O-O 18. Nxg6 1-0

[Event "17. Europa ch Juvenil - Masculino s14"]
[Site "Sibenik CRO"]
[Date "2007.09.15"]
[Round "2.14"]
[White "Piskun, Alexey"]
[Black "Gretarsson, Hjorvar Stein"]
[Result "0-1"]
[WhiteElo "2034"]
[BlackElo "2168"]
[PlyCount "80"]
[EventDate "2007.09.14"]
[EventType "swiss"]
[EventRounds "9"]
[EventCountry "CRO"]
[Source "lmi"]
[SourceDate "2007.09.14"]

1. e4 c5 2. Nf3 Nc6 3. d4 cxd4 4. Nxd4 Nf6 5. Nc3 d6 6. g3 g6 7. Bg2 Nxd4 8.
Qxd4 Bg7 9. O-O O-O 10. Qd3 a6 11. a4 Qc7 12. Be3 Be6 13. Rfd1 Ng4 14. Bd4 Ne5
15. Qd2 Nc4 16. Qc1 Bxd4 17. Rxd4 Qc5 18. Qd1 Rac8 19. Nd5 Bxd5 20. exd5 Qb4
21. b3 Ne5 22. Qd2 Qxd2 23. Rxd2 Rc3 24. Re1 g5 25. f4 gxf4 26. gxf4 Ng6 27.
Rf2 b5 28. axb5 axb5 29. Bf1 Rfc8 30. Bxb5 Rxc2 31. Rf3 R8c3 32. Rg3 Kf8 33.
Rxc3 Rxc3 34. Ra1 Rxb3 35. Ra8+ Kg7 36. Bc4 Rc3 37. Ba2 Nxf4 38. Ra7 Kf6 39.
Ra5 e6 40. Ra6 Rc5 0-1

[Event "17. Europa ch Juvenil - Masculino s14"]
[Site "Sibenik CRO"]
[Date "2007.09.15"]
[Round "2.17"]
[White "Straka, Josef Jr"]
[Black "Zherebukh, Yaroslav"]
[Result "0-1"]
[WhiteElo "2004"]
[BlackElo "2418"]
[PlyCount "88"]
[EventDate "2007.09.14"]
[EventType "swiss"]
[EventRounds "9"]
[EventCountry "CRO"]
[Source "lmi"]
[SourceDate "2007.09.14"]

1. e4 c5 2. Nf3 Nc6 3. d4 cxd4 4. Nxd4 e6 5. Nc3 Be7 6. Be3 Qc7 7. Be2 Nf6 8.
O-O O-O 9. f4 d6 10. Bf3 Nxd4 11. Bxd4 e5 12. Bf2 exf4 13. Qd2 a6 14. Qxf4 Be6
15. Rfe1 Nd7 16. Nd5 Bxd5 17. exd5 Ne5 18. Be4 g6 19. c3 f5 20. Bc2 Bf6 21. Bd4
Rfe8 22. h4 Ng4 23. Bxf6 Nxf6 24. Qd4 Ng4 25. Re6 Rxe6 26. dxe6 d5 27. Bb3 Qh2+
28. Kf1 Qh1+ 29. Qg1 Qxh4 30. Bxd5 Re8 31. Qd4 Re7 32. Rd1 f4 33. Rd3 Qg5 34.
Kg1 Ne5 35. Rh3 h5 36. a4 Kh7 37. b4 f3 38. Bxf3 Rxe6 39. Qd5 Qe3+ 40. Kh2 Qf4+
41. Kg1 Ng4 42. Qd7+ Kh6 43. Rxh5+ Kxh5 44. Qd5+ Kh6 0-1

[Event "17. Europa ch Juvenil - Masculino s14"]
[Site "Sibenik CRO"]
[Date "2007.09.15"]
[Round "2.18"]
[White "Straubinger, Daniel"]
[Black "Stukopin, Andrey"]
[Result "0-1"]
[WhiteElo "2019"]
[BlackElo "2349"]
[PlyCount "110"]
[EventDate "2007.09.14"]
[EventType "swiss"]
[EventRounds "9"]
[EventCountry "CRO"]
[Source "lmi"]
[SourceDate "2007.09.14"]

1. e4 c5 2. Nf3 d6 3. d4 cxd4 4. Nxd4 Nf6 5. Nc3 Nc6 6. Bc4 Qb6 7. Nxc6 bxc6 8.
O-O e6 9. Re1 Be7 10. e5 dxe5 11. Rxe5 O-O 12. Re1 Bb7 13. Qe2 c5 14. Rb1 Qc6
15. f3 Bd6 16. Qf2 Nd5 17. Ne4 Be7 18. Qg3 Kh8 19. Bg5 f6 20. Bd2 Nb6 21. Bf1
c4 22. Rbc1 e5 23. Nc3 Bc5+ 24. Be3 Bb4 25. Bd2 Rad8 26. Qf2 Na4 27. Rb1 Rd7
28. Ne4 Rxd2 29. Nxd2 Bc5 30. Re3 c3 31. Ne4 Bxe3 32. Qxe3 cxb2 33. Qb3 Ba6 34.
Bxa6 Qxa6 35. Nc3 Nxc3 36. Qxc3 Qb6+ 37. Kh1 Rb8 38. Qb3 Qc7 39. Qa4 Qc3 40. h3
a5 41. h4 h5 42. Kh2 Kh7 43. Kg3 Kh6 44. Kh3 Rb4 45. Qe8 Qxc2 46. Qh8+ Qh7 47.
Qxh7+ Kxh7 48. Kg3 a4 49. a3 Rb3 50. Kf2 Kg6 51. g3 Kf5 52. Ke2 e4 53. fxe4+
Kxe4 54. Kf2 Kd3 55. Rd1+ Kc2 0-1

[Event "17. Europa ch Juvenil - Masculino s14"]
[Site "Sibenik CRO"]
[Date "2007.09.15"]
[Round "2.20"]
[White "Gaehwiler, Gabriel"]
[Black "Plat, Vojtech"]
[Result "1/2-1/2"]
[WhiteElo "1917"]
[BlackElo "2279"]
[PlyCount "48"]
[EventDate "2007.09.14"]
[EventType "swiss"]
[EventRounds "9"]
[EventCountry "CRO"]
[Source "lmi"]
[SourceDate "2007.09.14"]

1. e4 c5 2. Nf3 Nc6 3. d4 cxd4 4. Nxd4 g6 5. c4 Bg7 6. Be3 Nf6 7. Nc3 Ng4 8.
Qxg4 Nxd4 9. Qd1 e5 10. Nb5 O-O 11. Qd2 Re8 12. Nd6 Rf8 13. Nb5 Qe7 14. Be2
Nxe2 15. Qxe2 Qb4+ 16. Nc3 b6 17. Rc1 Bb7 18. O-O f5 19. Rfd1 Qe7 20. Nd5 Bxd5
21. Rxd5 Rac8 22. Rcd1 Rc7 23. exf5 gxf5 24. Bc1 Qe6 1/2-1/2

[Event "17. Europa ch Juvenil - Masculino s14"]
[Site "Sibenik CRO"]
[Date "2007.09.15"]
[Round "2.21"]
[White "Mammadov, Zaur"]
[Black "Petenyi, Tamas"]
[Result "0-1"]
[WhiteElo "1980"]
[BlackElo "2180"]
[PlyCount "70"]
[EventDate "2007.09.14"]
[EventType "swiss"]
[EventRounds "9"]
[EventCountry "CRO"]
[Source "lmi"]
[SourceDate "2007.09.14"]

1. e4 c5 2. c3 b6 3. d4 Bb7 4. Nd2 e6 5. Ngf3 d6 6. Bd3 Be7 7. O-O Nf6 8. Qe2
Nc6 9. a4 Qc7 10. Re1 O-O-O 11. Nf1 h6 12. Be3 g5 13. b4 c4 14. Bc2 d5 15. exd5
Nxd5 16. Qxc4 g4 17. N3d2 Kb8 18. a5 b5 19. Qb3 a6 20. Be4 f5 21. Bxd5 Rxd5 22.
c4 bxc4 23. Nxc4 f4 24. Nb6 fxe3 25. fxe3 Rb5 26. Qxe6 Bxb4 27. Rec1 Qd6 28.
Qxg4 Nxa5 29. Nd7+ Ka7 30. Ne5 Qd5 31. Rc7 Bd6 32. Rd7 Rg8 33. Nc6+ Nxc6 34.
Rg7 Rxg7 35. Qxg7 Rb2 0-1

[Event "17. Europa ch Juvenil - Masculino s14"]
[Site "Sibenik CRO"]
[Date "2007.09.15"]
[Round "2.23"]
[White "Manoeuvre, Antoine"]
[Black "Tomazini, Aljosa"]
[Result "1/2-1/2"]
[WhiteElo "2101"]
[BlackElo "1989"]
[PlyCount "59"]
[EventDate "2007.09.14"]
[EventType "swiss"]
[EventRounds "9"]
[EventCountry "CRO"]
[Source "lmi"]
[SourceDate "2007.09.14"]

1. d4 d5 2. c4 e6 3. Nc3 Nf6 4. Bg5 Nbd7 5. Nf3 c6 6. e3 Qa5 7. Bxf6 Nxf6 8.
Nd2 Be7 9. Bd3 O-O 10. O-O dxc4 11. Nxc4 Qc7 12. Rc1 Rd8 13. Qe2 Bd7 14. Ne5
Rac8 15. f4 g6 16. a3 Be8 17. Ne4 Nxe4 18. Bxe4 a5 19. Nd3 Qb6 20. Nc5 Qa7 21.
Rfd1 b6 22. Nb3 a4 23. Nd2 c5 24. Nf3 cxd4 25. exd4 Rxc1 26. Rxc1 Bf6 27. Qf2
b5 28. Rd1 Qb6 29. Ne5 Bxe5 30. fxe5 1/2-1/2

[Event "17. Europa ch Juvenil - Masculino s14"]
[Site "Sibenik CRO"]
[Date "2007.09.16"]
[Round "3.1"]
[White "Popilski, Gil"]
[Black "Sjugirov, Sanan"]
[Result "0-1"]
[WhiteElo "2193"]
[BlackElo "2407"]
[PlyCount "108"]
[EventDate "2007.09.14"]
[EventType "swiss"]
[EventRounds "9"]
[EventCountry "CRO"]
[Source "lmi"]
[SourceDate "2007.09.14"]

1. e4 c5 2. Nf3 d6 3. d4 cxd4 4. Nxd4 Nf6 5. Nc3 a6 6. Be2 e5 7. Nb3 Be7 8. Bg5
Nbd7 9. a4 h6 10. Be3 b6 11. O-O Bb7 12. f3 Qc7 13. Qd2 Rc8 14. Nc1 O-O 15.
N1a2 a5 16. Rac1 Nc5 17. Bb5 Rcd8 18. Qe2 d5 19. exd5 Bxd5 20. Kh1 Bb7 21. Bc4
Qc6 22. Bb5 Qc8 23. Bc4 e4 24. fxe4 Ncxe4 25. Nxe4 Nxe4 26. Rcd1 Rxd1 27. Rxd1
Bc5 28. Bxc5 Qxc5 29. Rf1 Nd6 30. Bb3 Nf5 31. c3 Nh4 32. Rf2 Qg5 33. Kg1 Kh8
34. g3 Bc6 35. Rf4 Ng6 36. Rf2 Re8 37. Qd2 Re3 38. Kf1 Ne5 39. Bd5 Bxa4 40. Qd4
Rd3 41. Qxa4 Rxd5 42. Qe4 Rd1+ 43. Kg2 Ng4 44. Re2 Qf6 45. Qf4 Qc6+ 46. Kh3 Nf6
47. c4 Rg1 48. Rf2 Qe6+ 49. Qf5 Ne4 50. Rf4 Ng5+ 51. Kh4 Qe7 52. Qc8+ Kh7 53.
Qf5+ g6 54. Qf6 Qe2 0-1

[Event "17. Europa ch Juvenil - Masculino s14"]
[Site "Sibenik CRO"]
[Date "2007.09.16"]
[Round "3.2"]
[White "Arribas Lopez, Angel"]
[Black "Dragomirescu, Robin-Alexandru"]
[Result "1-0"]
[WhiteElo "2292"]
[BlackElo "2189"]
[PlyCount "69"]
[EventDate "2007.09.14"]
[EventType "swiss"]
[EventRounds "9"]
[EventCountry "CRO"]
[Source "lmi"]
[SourceDate "2007.09.14"]

1. e4 e5 2. Nf3 Nc6 3. Bb5 a6 4. Ba4 Nf6 5. d3 d6 6. c3 Be7 7. O-O O-O 8. Re1
b5 9. Bc2 d5 10. exd5 Qxd5 11. Nbd2 Be6 12. Qe2 Bc5 13. h3 Rfe8 14. Ng5 Rad8
15. Nde4 Nxe4 16. dxe4 Qd7 17. Nxe6 Rxe6 18. Bg5 f6 19. Rad1 Rd6 20. Rxd6 Qxd6
21. Bc1 Na7 22. a4 c6 23. b4 Bb6 24. a5 Bc7 25. Be3 Nc8 26. Bb3+ Kh8 27. Rd1
Qe7 28. Rxd8+ Qxd8 29. Qg4 Bd6 30. Qe6 Ne7 31. Bb6 Qb8 32. Qd7 h6 33. Bd8 Ng6
34. Qe8+ Nf8 35. Qf7 1-0

[Event "17. Europa ch Juvenil - Masculino s14"]
[Site "Sibenik CRO"]
[Date "2007.09.16"]
[Round "3.3"]
[White "Pavlidis, Antonios"]
[Black "Swiercz, Dariusz"]
[Result "1/2-1/2"]
[WhiteElo "2175"]
[BlackElo "2281"]
[PlyCount "78"]
[EventDate "2007.09.14"]
[EventType "swiss"]
[EventRounds "9"]
[EventCountry "CRO"]
[Source "lmi"]
[SourceDate "2007.09.14"]

1. e4 c5 2. Nf3 d6 3. d4 cxd4 4. Nxd4 Nf6 5. Nc3 a6 6. Bg5 e6 7. f4 Qb6 8. Qd2
Nc6 9. Bxf6 gxf6 10. Nb3 Bd7 11. O-O-O O-O-O 12. Be2 Rg8 13. Bh5 Rg7 14. g4 Kb8
15. h4 h6 16. Kb1 Rc8 17. Ne2 a5 18. Nbd4 a4 19. Rh3 Na5 20. Ka1 Nc4 21. Qc1 a3
22. bxa3 Qa6 23. Rdd3 d5 24. exd5 e5 25. Nf5 Bxf5 26. gxf5 Bd6 27. Rb3 exf4 28.
Nxf4 Be5+ 29. Kb1 Qa5 30. Rhd3 Rg3 31. Ne2 Re3 32. d6 Bb2 33. Qh1 Nd2+ 34. Kxb2
Qe5+ 35. c3 Nxb3 36. Rxe3 Qxe3 37. axb3 Qxe2+ 38. Kb1 Qd3+ 39. Ka1 Rxc3 1/2-1/2

[Event "17. Europa ch Juvenil - Masculino s14"]
[Site "Sibenik CRO"]
[Date "2007.09.16"]
[Round "3.4"]
[White "Gretarsson, Hjorvar Stein"]
[Black "Graf, Felix"]
[Result "1-0"]
[WhiteElo "2168"]
[BlackElo "2273"]
[PlyCount "61"]
[EventDate "2007.09.14"]
[EventType "swiss"]
[EventRounds "9"]
[EventCountry "CRO"]
[Source "lmi"]
[SourceDate "2007.09.14"]

1. c4 e6 2. Nc3 Bb4 3. Qb3 Nc6 4. e3 Nf6 5. Nf3 b6 6. a3 Bxc3 7. Qxc3 Bb7 8. b4
a5 9. Bb2 Qe7 10. b5 Nb8 11. a4 d6 12. Bd3 Nbd7 13. Bc2 Nc5 14. O-O O-O-O 15.
d4 Nce4 16. Qe1 g5 17. Nd2 Rhg8 18. Nxe4 Nxe4 19. f3 Nf6 20. e4 Nh5 21. Qe3 Kb8
22. c5 Ka7 23. Bc3 Nf4 24. c6 Bc8 25. Bxa5 bxa5 26. d5+ Kb8 27. b6 exd5 28.
Rfb1 d4 29. Qb3 cxb6 30. Qxb6+ Bb7 31. Qa6 1-0

[Event "17. Europa ch Juvenil - Masculino s14"]
[Site "Sibenik CRO"]
[Date "2007.09.16"]
[Round "3.5"]
[White "Iljiushenok, Ilia"]
[Black "Kanarek, Marcel"]
[Result "0-1"]
[WhiteElo "2157"]
[BlackElo "2226"]
[PlyCount "100"]
[EventDate "2007.09.14"]
[EventType "swiss"]
[EventRounds "9"]
[EventCountry "CRO"]
[Source "lmi"]
[SourceDate "2007.09.14"]

1. d4 Nf6 2. c4 g6 3. Nc3 Bg7 4. e4 d6 5. Nf3 O-O 6. h3 e5 7. dxe5 dxe5 8. Qxd8
Rxd8 9. Bg5 Nbd7 10. O-O-O Rf8 11. Bd3 c6 12. Rd2 Re8 13. Rhd1 Bf8 14. a3 Nh5
15. Bc2 Nb6 16. g4 Nf4 17. Rd8 Be6 18. Rxa8 Rxa8 19. Nxe5 Nxh3 20. Be3 Bg7 21.
c5 Bxe5 22. cxb6 Bxg4 23. f3 Bxf3 24. Rd7 Bf4 25. Kd2 Bg4 26. Rxb7 Rd8+ 27. Nd5
axb6 28. Bxf4 Nxf4 29. Ke3 Ng2+ 30. Kf2 cxd5 31. Kxg2 dxe4 32. Bxe4 f5 33. Bc6
f4 34. Rxb6 Rd2+ 35. Kf1 f3 36. Bb5 Kg7 37. Bc4 Bh3+ 38. Ke1 Rc2 39. Rb7+ Kh6
40. Bd3 f2+ 41. Kd1 Rc5 42. Rf7 Rf5 43. Rxf5 gxf5 44. b4 f1=Q+ 45. Bxf1 Bxf1
46. a4 f4 47. b5 Kg5 48. Ke1 Bc4 49. Kf2 Kg4 50. b6 Ba6 0-1

[Event "17. Europa ch Juvenil - Masculino s14"]
[Site "Sibenik CRO"]
[Date "2007.09.16"]
[Round "3.6"]
[White "Kaphle, Stephan"]
[Black "Aghasaryan, Robert"]
[Result "0-1"]
[WhiteElo "2156"]
[BlackElo "2198"]
[PlyCount "56"]
[EventDate "2007.09.14"]
[EventType "swiss"]
[EventRounds "9"]
[EventCountry "CRO"]
[Source "lmi"]
[SourceDate "2007.09.14"]

1. e4 c5 2. Nf3 e6 3. d4 cxd4 4. Nxd4 Nf6 5. Nc3 d6 6. g4 a6 7. Rg1 Nc6 8. h4
h5 9. g5 Ng4 10. Nxc6 bxc6 11. Be2 d5 12. Bxg4 hxg4 13. g6 f6 14. Qxg4 e5 15.
Qf3 d4 16. Ne2 Rxh4 17. Bg5 Rh3 18. Rg3 Rxg3 19. Nxg3 Rb8 20. b3 Bb4+ 21. Kf1
Qd7 22. Bxf6 Qh3+ 23. Kg1 Bg4 24. Qd3 gxf6 25. Qc4 Kd7 26. Qf7+ Be7 27. Nf5
Bxf5 28. exf5 Qxf5 0-1